| 000 | 00638nam a22002417a 4500 | ||
|---|---|---|---|
| 003 | UA-OsUOA | ||
| 001 | 127764 | ||
| 007 | ta | ||
| 008 | 20171213b un ||||| |||| 00| 0 ukr d | ||
| 100 | _aОлефиренко М. Н. | ||
| 090 |
_a821.161.1 _bО-53 |
||
| 942 | _cBK | ||
| 040 |
_aUA-OsUOA _brus _cUA-OsUOA _dUA-OsUOA |
||
| 245 |
_aРайчо _bповести |
||
| 300 | _a200 с. | ||
| 955 | _a3 | ||
| 041 | _arus | ||
| 080 | _a821.161.1 | ||
| 020 | _a978-966-96651-6-7 | ||
| 260 |
_aБалаклея _bБалдрук _c2009 |
||
| 650 | 7 |
_a82 Література. Літературознавство _2UDC |
|
| 999 |
_c414998 _d414998 |
||